000 00991cam a22002775i 4500
001 21164750
003 OSt
005 20250409130016.0
008 190828s2020 cau 000 0 eng
020 _a9781526419088 (paperback)
024 _cUSD 38.00
040 _aDLC
_beng
_erda
_cDLC
_dNUST
050 _aJZ1305 LAM
100 1 _aLamont, Christopher,
_eauthor.
245 1 0 _aResearch methods in politics and international relations /
_cChristopher Lamont, Mietek Boduszynski.
260 _aLos Angels : London : New Delhi : Singapore : Washington DC : Melbourne :
_bSAGE,
_c2020.
300 _axvi,229 pages :
_billustrations ;
_c24 cm.
336 _atext
_btxt
_2rdacontent
337 _aunmediated
_bn
_2rdamedia
338 _avolume
_bnc
_2rdacarrier
504 _aIncludes bibliographic references and index.
650 _xInternational relations
650 _xPolitics
700 1 _aBoduszynski, Mietek,
_eauthor.
942 _2lcc
_cBOOKS
_hJZ1305 LAM
_kJZ
_mLAM
_n0
999 _c171582
_d171582